000 00724nam a2200241Ia 4500
003 GCL
008 140319s9999 xx 000 0 ara d
040 _aGCL /
_cGCL
082 0 4 _a370.78
_bب م
100 1 _aبست جون و.
245 1 0 _aمناهج البحث التربوى /
_cبست جون و.
700 1 _aعبدالعزيز غانم الغاتم
260 _a[S.N] :
_bمؤسسة الكويت للتقدم العلمى ،
_c1988
300 _a488 ص
490 _aسلسلة الكتب المترجمة
_v0
650 0 4 _aطرق البحث
650 0 4 _aالتعليم
650 0 4 _aالتربية
650 0 4 _aالاجتماع
650 0 4 _aالبحوث
650 0 4 _aمناهج
942 _2ddc
_cBK
999 _c27860
_d27860